Times que já jogaram a Serie A do Brasileirão - Statistics

Estatísticas Gerais
  • Esse quiz foi jogado 35 vezes
  • A pontuação média é 81 de 153
Estatísticas das Respostas
Participações Cidade Última Participação Resposta % Correto
61 Rio de Janeiro 2026 Flamengo
100%
27 Fortaleza 2025 Fortaleza
100%
66 Porto Alegre 2026 Grêmio
100%
63 São Paulo 2026 Palmeiras
100%
65 Santos 2026 Santos
100%
59 São Paulo 2026 São Paulo
100%
64 Belo Horizonte 2026 Atlético Mineiro
97%
53 Salvador 2026 Bahia
97%
61 Rio de Janeiro 2026 Botafogo
97%
27 Fortaleza 2025 Ceará
97%
58 São Paulo 2026 Corinthians
97%
14 Criciúma 2024 Criciúma
97%
63 Belo horizonte 2026 Cruzeiro
97%
1 Cruzeiro 1964 Cruzeiro do Sul
97%
61 Rio de Janeiro 2026 Fluminense
97%
60 Porto Alegre 2026 Internacional
97%
16 Bragança Paulista 2026 Bragantino
93%
10 Chapecó 2026 Chapecoense
93%
44 Curitiba 2026 Coritiba
93%
43 Goiânia 2023 Goiás
93%
20 Caxias do Sul 2025 Juventude
93%
2 Mirassol 2026 Mirassol
93%
17 Belém 2026 Remo
93%
57 Rio de Janeiro 2026 Vasco da Gama
93%
42 Salvador 2026 Vitória
93%
49 Curitiba 2026 Athletico Paranaense
90%
14 Goiânia 2024 Atlético Goianiense
90%
4 Cuiabá 2024 Cuiabá
90%
12 Joinville 2015 Joinville
90%
43 Recife 2025 Sport
90%
19 Belo Horizonte 2023 América Mineiro
86%
11 Florianópolis 2022 Avaí
86%
2 Barueri 2010 Grêmio Barueri
86%
1 Ipatinga 2008 Ipatinga
86%
34 Recife 2013 Náutico
86%
27 Belém 2005 Paysandu
86%
36 São Paulo 2013 Portuguesa
86%
24 Recife 2016 Santa Cruz
86%
15 Natal 2007 América de Natal
83%
11 Rio de Janeiro 1988 Bangu
83%
19 Maceió 2019 CSA
83%
6 Gama 2002 Gama
83%
1 Guará 1979 Guará
83%
29 Campinas 2010 Guarani
83%
24 Campinas 2017 Ponte Preta
83%
2 Santo André 2009 Santo André
83%
7 São Caetano do Sul 2006 São Caetano
83%
14 Natal 1985 ABC
79%
4 Pelotas 1985 Brasil de Pelotas
79%
17 Florianópolis 2016 Figueirense
79%
11 Maceió 1984 CRB
76%
7 Limeira 1990 Inter de Limeira
76%
16 Curitiba 2018 Paraná Clube
76%
1 Taguatinga 2005 Brasiliense
72%
7 Londrina 1982 Londrina
72%
12 São Luís 1985 Sampaio Corrêa
72%
9 Goiânia 1985 Vila Nova
72%
1 Arapiraca 1979 ASA
69%
1 Ponta Grossa 1979 Operário
69%
6 Ribeirão Preto 2001 Botafogo SP
62%
11 Campina Grande 1981 Campinense
62%
1 Novo Hamburgo 1979 Novo Hamburgo
62%
4 Uberlândia 1985 Uberlândia
62%
1 Anápolis 1966 Anápolis
59%
6 Fotaleza 1984 Ferroviário
59%
3 Curitiba 1967 Ferroviário
59%
1 São Luís 1959 Ferroviário
59%
5 Itabaiana 1982 Itabaiana
59%
2 São José dos Campos 1990 São José
59%
1 Taguatinga 1982 Taguatinga
59%
9 Campina Grande 1987 Treze
59%
15 Cariacica 1993 Ferroviária
55%
2 Itabuna 1979 Itabuna
55%
1 Itumbiara 1979 Itumbiara
55%
12 Aracaju 1985 Sergipe
55%
6 Uberaba 1983 Uberaba
55%
4 Anápolis 1984 Anapolina
52%
7 João Pessoa 1980 Botafogo PB
52%
7 Brasília 1985 Brasília
52%
6 Campos dos Goytacazes 1979 Goytacaz
52%
2 Jaú 1982 XV de Jaú
52%
19 Rio de Janeiro 1988 América RJ
48%
4 Goiânia 1979 Goiânia
48%
11 São Luís 1984 Moto Club
48%
13 Vitória 1987 Rio Branco
48%
1 Sobradinho 1986 Sobradinho
48%
4 Belém 1984 Tuna Luso
48%
1 Colatina 1979 Colatina
45%
4 Feira de Santana 1979 Fluminense de Feira
45%
4 Araras 1997 União São João
45%
2 Caruaru 1986 Central
41%
8 Aracaju 1984 Confiança
41%
1 São Paulo 1983 Juventus
41%
4 Teresina 1979 Piauí
41%
1 Poços de Caldas 1979 Caldense
38%
2 Rio de Janeiro 1983 Campo Grande
38%
1 Franca 1979 Francana
38%
8 Cuiabá 1985 Mixto
38%
16 Manaus 1986 Nacional
38%
1 Sorocaba 1979 São Bento
38%
1 Corumbá 1985 Corumbaense
34%
6 Maringá 1982 Grêmio Maringá
34%
1 Catu 1984 Catuense
31%
6 Campo Grande 1986 Comercial
31%
2 Ribeirão Preto 1979 Comercial
31%
1 Cornélio Procópio 1962 Comercial
31%
3 São Luís 1980 Maranhão
31%
1 Mossoró 1979 Potiguar
31%
8 Teresina 1982 River
31%
1 Bauru 1978 Noroeste
28%
2 Capela 1963 Capelense
24%
1 Santa Maria 1982 Inter de Santa Maria
24%
10 Campo Grande 1984 Operário MS
24%
7 Manaus 1983 Rio Negro
24%
5 Teresina 1983 Tiradentes
24%
3 Natal 1965 Alecrim
21%
7 Teresina 1985 Flamengo PI
21%
2 Salvador 1983 Galícia
21%
2 Rio de Janeiro 1974 Olaria
21%
5 Curitiba 1983 Colorado
17%
3 Manaus 1979 Fast Clube
17%
1 Tubarão 1959 Hercílio Luz
17%
1 Lajes 1966 Inter de Lajes
17%
5 Criciúma 1968 Metropol
17%
1 Propriá 1967 América de Propriá
14%
2 São José do Rio Preto 1980 América SP
14%
1 Teresina 1984 Auto Esporte
14%
1 João Pessoa 1959 Auto Esporte
14%
4 Várzea Grande 1984 Operário VG
14%
2 Curitiba 1985 Pinheiros
14%
3 Brasília 1975 CEUB
10%
1 Brasília 1963 Defelê
10%
3 Cuiabá 1979 Dom Bosco
10%
1 Rio de Janeiro 1937 Liga da Marinha
10%
1 Niterói 1959 Manufatora
10%
3 Rio Grande 1982 São Paulo RS
10%
1 Sabará 1965 Siderúrgica
10%
1 Fortaleza 1967 América CE
7%
1 Niterói 1965 Eletrovapo
7%
1 João Pessoa 1960 Estrela do Mar
7%
3 Niterói 1961 Fonseca
7%
3 Simões Filho 1985 Leônico
7%
1 Florianópolis 1960 Paula Ramos
7%
1 Videira 1967 Perdigão
7%
1 Campos dos Goytacazes 1937 Aliança
3%
1 Brasília 1965 Guanabara
3%
1 Manaus 1968 Olímpico
3%
1 Blumenau 1965 Olímpico
3%
3 Brasília 1968 Rabello
3%
1 Campos dos Goytacazes 1962 Rio Branco RJ
3%
2 Vitória 1962 Santo Antônio
3%
1 Curitiba 1968 Água Verde
0%
2 Estância 1961 Santa Cruz SE
0%
Nenhum quiz correspondente encontrado
Distribuição das Pontuações
Porcentagem de Pessoas com Cada Pontuação
Percentil de Números Respondidos
Sua Pontuação Histórica
Você não jogou esse quiz